|
|
|
|
| LEADER |
00000nam0a2200000 4500 |
| 001 |
66298 |
| 005 |
20231101212243.0 |
| 010 |
|
|
|a 5200006740
|
| 035 |
|
|
|a (RuTPU)RU\TPU\book\70465
|
| 090 |
|
|
|a 66298
|
| 100 |
|
|
|a 20040812d1989 km y0rusy50 ca
|
| 101 |
0 |
|
|a rus
|a fre
|
| 102 |
|
|
|a RU
|
| 105 |
|
|
|a y e 000zy
|
| 200 |
1 |
|
|a Французско-русский электротехнический словарь
|e около 46 000 терминов
|f П. К. Горохов [и др.]
|
| 205 |
|
|
|a 3-е изд., стер.
|
| 210 |
|
|
|a Москва
|c Русский язык
|d 1989
|
| 215 |
|
|
|a 765 с.
|
| 606 |
1 |
|
|a Французский язык
|x Терминологические словари
|2 stltpush
|3 (RuTPU)RU\TPU\subj\16829
|9 42729
|
| 606 |
1 |
|
|a Электротехника общая
|2 stltpush
|3 (RuTPU)RU\TPU\subj\20906
|9 45967
|
| 610 |
1 |
|
|a французско-русские словари
|
| 610 |
1 |
|
|a лексика
|
| 610 |
1 |
|
|a словари
|
| 610 |
1 |
|
|a терминологические словари
|
| 675 |
|
|
|a 621.3(038)
|v 3
|
| 686 |
|
|
|a Ш147.11-43
|v LBC/SL-A
|2 rubbk
|
| 701 |
|
1 |
|a Горохов
|b П. К.
|g Петр Кузьмич
|
| 701 |
|
1 |
|a Горькова
|b В. И.
|
| 701 |
|
1 |
|a Павлов
|b Л. И.
|
| 701 |
|
1 |
|a Сергеев
|b Н. П.
|
| 701 |
|
1 |
|a Тареев
|b Б. М.
|
| 801 |
|
1 |
|a RU
|b 63413507
|c 20030602
|g PSBO
|
| 801 |
|
2 |
|a RU
|b 63413507
|c 20161101
|g PSBO
|
| 942 |
|
|
|c BK
|